[Event "Burjassot U2200 op 4th"]
[Site "Burjassot"]
[Date "2016.09.23"]
[Round "3.8"]
[White "Zaragoza Arenas, Franciscojavier"]
[Black "Garcia Molina, Jose"]
[Result "1/2-1/2"]
[WhiteElo "1872"]
[BlackElo "1649"]
[PlyCount "62"]
[EventDate "2016.09.09"]
[EventType "swiss"]
[EventRounds "7"]
[EventCountry "ESP"]
[SourceTitle "EXT 2024"]
[Source "ChessBase"]
[SourceDate "2023.10.10"]
[SourceVersion "1"]
[SourceVersionDate "2023.10.10"]
[SourceQuality "1"]

1. Nf3 Nf6 2. c4 e6 3. g3 d5 4. Bg2 Be7 5. 0-0 0-0 6. d4 dxc4 7. Qc2 Nc6 8. Qxc4 a6 9. Bg5 Qd5 10. Qxd5 Nxd5 11. Bxe7 Ncxe7 12. Nc3 b5 13. Ne4 Rd8 14. Rfc1 a5 15. Nc5 b4 16. a4 c6 17. e3 Ba6 18. Nxa6 Rxa6 19. Rc5 b3 20. Nd2 Rb8 21. Bf1 Ra7 22. Bc4 Nb6 23. Bxb3 Nd7 24. Rcc1 Rab7 25. Bc2 Rxb2 26. Rab1 Rxb1 27. Rxb1 Rxb1+ 28. Nxb1 Nd5 29. Kf1 Kf8 30. Ke2 Ke7 31. Na3 N7b6 1/2-1/2